|
|
|
|
| LEADER |
00000nam a22000007a 4500 |
| 005 |
20210706005719.0 |
| 007 |
cr|||| ||| |
| 008 |
210706s2020 co |||||s|||| 00||0 spa d |
| 020 |
|
|
|a 978-958-792-134-2
|
| 035 |
|
|
|a 33340
|
| 040 |
|
|
|a vLex
|
| 090 |
|
|
|c 11852
|d 11852
|
| 100 |
1 |
|
|a Angulo Guiza, Uriel Guillermo
|
| 245 |
1 |
0 |
|a Contabilidad de activos con NIIF
|h [Recurso electrn̤ico] :
|b Aplica matemt̀icas financieras y excel /
|c Uriel Guillermo Angulo Guiza
|
| 256 |
|
|
|a Servicio en ln̕ea
|
| 260 |
|
|
|a Bogot:̀
|b Ediciones de la U,
|c 2020
|
| 300 |
|
|
|a 1 recurso electrn̤ico
|
| 500 |
|
|
|a Contabilidad de activos con NIIF es un texto diseądo para estudiantes de contadura̕, escrito en un lenguaje sencillo y fc̀il de entender con suficientes ejemplos desarrollados. El texto inicia con la actualizacin̤ de los conceptos ter̤icos bs̀icos de la nueva contadura̕ bajo estǹdares internacionales y en el capt̕ulo 2 presenta el plan de cuentas bajo NIIF y da las nociones bs̀icas de la matemt̀ica financiera aplicǹdola a Excel, en forma sencilla. A partir del capt̕ulo 3 presenta las cuentas del activo, aplicando la matemt̀ica financiera en Excel acorde a los lineamientos de las NIIF, en forma sencilla con suficientes ejemplos desarrollados con el sistema paso a paso, utilizando el nombre de las cuentas bajo NIIF. El texto aplica la metodologa̕ de enseąnza estipulada por las Normas Internacionales de Educacin̤ o Formacin̤ en Contadura̕ (IES), diseądas por la Fundacin̤ Internacional de Contadores (IFAC) convirtiňdose en una herramienta bs̀ica en la formacin̤ del nuevo profesional en contadura̕ acorde con las exigencias de los estǹdares internacionales.
|
| 506 |
1 |
|
|a Disponible solo en los productos indicados
|d vLex Global
|d vLex Global (Academic Edition, excluding Law Schools)
|d vLex Global (U.S. Academic Edition, Law Schools)
|d vLex Global (U.S. Academic Edition, excluding Law Schools)
|d vLex Global (Academic Edition, Law Schools)
|
| 650 |
0 |
4 |
|a Contabilidad
|z Colombia
|
| 650 |
0 |
4 |
|a Banca y finanzas
|z Colombia
|
| 740 |
0 |
|
|a vLex Libros (Servicio en ln̕ea)
|
| 856 |
4 |
0 |
|u https://vlex.com/source/contabilidad-de-activos-con-niif-aplica-matematicas-financieras-y-excel-33340
|z Acceso restringido
|
| 942 |
|
|
|c BOOK
|
| 999 |
0 |
|
|a Accounting
|
| 999 |
0 |
|
|a Banking and finance
|